00827nam a2200217 i 4500001000700000003000900007005001700016007000300033008004100036080002200077100003000099245014800129260003000277300002100307500004300328700003600371700002800407852003300435999001900468952012200487125421ES-MaACL20250716062623.0t|070611s1928 fr ||||1| fre d a821.113.1-293"19"1 aMéré, Charles.98047210aAngelo b: Tyran de Padoue : drame lyrique en cinq actes / ctiré du drame de Victor Hugo ; par Charles Méré ; musique de Alfred Bruneau. aParis : bHeugel, c1928. a84 p. ; c18 cm. aBiblioteca Jacinto Martínez Lacalle.1 aHugo, Victor,d1802-18859646271 aBruneau, Alfred.932147 aES-MaACLjE-11657 bR.139699 c125421d125421 00104070aATENEOMbATENEOMcDEPO2d2008-01-17eSCl0oE-11657p1130659r2023-02-23 00:00:00w2023-02-23yMONOGRAFIA